LEADER 01299nam a2200277 i 4500 001 000000058398 003 CaOOAMICUS 005 20121108000000.0 008 121108s1982 it u000 u ita u 013 $a29570 020 $a88-209-1399-2 040 $aSeMil$bita 100 1 $aD'Ostilio, Francesco,$c.$0(OLS)http://semarc/name/27025 245 10$aČ pronto pronto il nuovo codice di diritto canonico :$biter revisionale e prossima promulgazione /$cFrancesco D'Ostilio. 260 $aCittā del Vaticano :$bLibreria Editrice Vaticana,$c1982. 300 $a108 p. ;$c25 cm. 490 0 $aStudi giuridici ;$v4. 500 $aContiene : Appendice. 650 4$aCodex iuris canonici <1983> - Revisione.$0(OLS)http://semarc/subject/11762 830 0$aStudi giuridici ;$v4.$0(OLS)http://semarc/title/471 850 $aSeMil 852 $aSeMil$W1$xVenegono$y1$m2H VI 4$j24551$B24551$CSeMilBibl$Z2$F24554 $81 961 $aAcquisto: Casa editrice 996 $6020$a88-209-1399-2$9(OLS)http://semarc/number/33983 996 $6245$aČ pronto pronto il nuovo codice di diritto canonico :$biter revisionale e prossima promulgazione$9(OLS)http://semarc/title/91026 996 $6260$aCittā del Vaticano :$bLibreria Editrice Vaticana$9(OLS)http://semarc/publisher/29734 LEADER 00842nam a2200217 i 4500 001 000000122556 003 CaOOAMICUS 005 20040205000000.0 008 040205s1957 it u000 u ita u 013 $a95251 040 $aSeMil$bita 100 1 $aBiancotti, Angiolo.$0(OLS)http://semarc/name/35364 245 10$aGuglielmo Shakespeare /$cAngiolo Biancotti. 260 $aTorino [etc.] :$bSEI,$c1957. 300 $aVI, 303 p., [17] p. di tav. ;$c22 cm. 600 14$aShakespeare, William <1564-1616>.$0(OLS)http://semarc/subject/5430 850 $aSeMil 852 $aSeMil$W1$xVenegono$y1$m54 107 2 *$j77516$B77516$CSeMilBibl$Z2$F79491 $81 961 $aRecupero: Biblioteca Seminario Liceale 996 $6245$aGuglielmo Shakespeare$9(OLS)http://semarc/title/180513 996 $6260$aTorino [etc.] :$bSEI$9(OLS)http://semarc/publisher/32375